[Event "Hajduszoboszlo op 2nd"]
[Site "Hajduszoboszlo"]
[Date "2024.02.11"]
[Round "7"]
[White "Major, Peter1"]
[Black "Kocsis, Benedek"]
[Result "1-0"]
[WhiteElo "1399"]
[BlackElo "1314"]
[PlyCount "47"]
[EventDate "2024.02.08"]
[EventType "swiss"]
[EventRounds "7"]
[EventCountry "HUN"]
[SourceTitle "CB08_2024"]
[SourceDate "2024.02.21"]
[SourceVersion "1"]
[SourceVersionDate "2024.02.21"]
[SourceQuality "1"]

1. e4 e5 2. f4 exf4 3. Nf3 d5 4. exd5 Nf6 5. Nc3 Nxd5 6. Bc4 Nxc3 7. bxc3 Bg4 8. Bxf7+ Kxf7 9. Ne5+ Kg8 10. Qxg4 Qe8 11. Qxf4 Bd6 12. Qc4+ Kf8 13. 0-0+ Ke7 14. Qh4+ Ke6 15. Qg4+ Ke7 16. Qxg7+ Ke6 17. Qf6+ Kd5 18. c4+ Kc5 19. Qf2+ Kb4 20. Rb1+ Ka5 21. d4 Bxe5 22. dxe5 Nc6 23. Qc5+ Ka4 24. Qb5# 1-0

[Event "Hajduszoboszlo op 2nd"]
[Site "Hajduszoboszlo"]
[Date "2024.02.09"]
[Round "3"]
[White "Kocsis, Benedek"]
[Black "Bordos, Janos"]
[Result "0-1"]
[WhiteElo "1314"]
[BlackElo "1600"]
[PlyCount "100"]
[EventDate "2024.02.08"]
[EventType "swiss"]
[EventRounds "7"]
[EventCountry "HUN"]
[SourceTitle "CB08_2024"]
[SourceDate "2024.02.21"]
[SourceVersion "1"]
[SourceVersionDate "2024.02.21"]
[SourceQuality "1"]

1. e4 c5 2. c3 d6 3. d4 cxd4 4. cxd4 g6 5. Bc4 Bg7 6. Qb3 e6 7. Nf3 Ne7 8. Bb5+ Bd7 9. 0-0 0-0 10. Bxd7 Qxd7 11. Bf4 d5 12. e5 Nbc6 13. Nc3 a6 14. Na4 Rab8 15. Nc5 Qc7 16. Rfd1 Nc8 17. Qe3 Nb6 18. Bh6 Nd7 19. Bxg7 Kxg7 20. Rac1 Nxc5 21. Rxc5 Rbc8 22. h4 h5 23. Qg5 Qe7 24. Rdc1 Qxg5 25. Nxg5 Na7 26. Rc7 Nc6 27. Nxe6+ Kg8 28. Rxc8 Rxc8 29. Nf4 Rd8 30. Rc5 Nxd4 31. Rxd5 Rxd5 32. Nxd5 Ne2+ 33. Kf1 Nc1 34. Ke1 Nd3+ 35. Ke2 Nxe5 36. b3 Kf8 37. f3 Ke8 38. Ke3 Kd7 39. Ke4 Kd6 40. Ne3 b5 41. f4 Nc6 42. f5 Nd8 43. Kf4 Kc5 44. fxg6 fxg6 45. Kg5 Kd4 46. Nd1 Ne6+ 47. Kf6 Nf4 48. g3 Ne2 49. g4 hxg4 50. Kxg6 g3 0-1